Desivá predzvesť jari

Bibliographic Details
Main Authors: Radič, Anton (Author), Kuzár, Jozef (Author)
Other Authors: (ar) (fot)
Format: Article
Language:Slovak
PhysicalDescription:3 foto
Subjects:

MARC

LEADER 00000nab a2200000 a 4500
001 vtls001025748
003 SK-MaSNL
005 20260303165812.0
008 040720e19990311xo 0 slo
035 |a SL4304 
040 |a SLLK  |b slo  |c SLLK  |e AACR2 
041 0 |a slo 
044 |a xo  |c SK 
080 |a 551.326.8  |2 1981 
100 1 |a Radič, Anton  |4 aut  |9 405069 
245 1 0 |a Desivá predzvesť jari 
300 |b 3 foto 
650 0 7 |a ľadochody  |2 SLLK  |9 1192391 
650 0 7 |a zátarasy  |2 SLLK  |9 1089540 
650 0 7 |a reportáže  |2 SLLK  |9 75670 
651 7 |a Hniezdne (Slovensko)  |2 SLLK  |9 31537 
651 7 |a Chmeľnica (Slovensko)  |2 SLLK  |9 28606 
651 7 |a Plavnica (Slovensko)  |2 SLLK  |9 29162 
651 7 |a Plaveč (Slovensko)  |2 SLLK  |9 28609 
651 7 |a Orlov (Slovensko)  |2 SLLK  |9 57167 
651 7 |a Sulín (Slovensko)  |2 SLLK  |9 51624 
651 7 |a Kače (Slovensko)  |2 SLLK  |9 59337 
651 7 |a Medzibodrožie (Slovensko : mikroregión)  |2 SLLK  |9 18504 
651 7 |a SL,  |2 SLLK  |9 1022390 
655 7 |a periodikum  |2 snkbucl  |9 29553 
700 1 0 |a Kuzár, Jozef  |4 aut  |9 592630 
700 0 |a (ar)  |4 fot  |9 838472 
773 0 8 |t Ľubovnianske noviny  |g Roč. 25, č.10, 11.3.1999, s. 3 
852 |a ZVYKNI  |b KIS3GCP 
999 |c 2073813  |d 2075743